Rocket League Vehicles Before March 2019 - Statistics

General Stats
  • This quiz has been taken 23 times
  • The average score is 23 of 67
Answer Stats
Common % Correct
Octane
100%
Dominus
95%
Breakout
80%
Road Hog
80%
Merc
70%
Scarab
70%
Octane ZSR
65%
Takumi
65%
X-Devil
60%
'16 Batmobile
55%
'89 Batmobile
55%
Backfire
55%
Gizmo
55%
Grog
55%
The Dark Knight Tumbler
55%
Zippy
55%
Paladin
50%
Breakout Type-S
45%
Dominus GT
45%
Road Hog XL
45%
Aftershock
40%
Hotshot
40%
Ripper
40%
Sweet Tooth
40%
Twinzer
40%
Venom
40%
Werewolf
40%
X-Devil Mk2
40%
Endo
35%
Samurai
35%
'99 Nissan Skyline GT-R R34
30%
Centio V17
30%
Mantis
30%
Takumi RX-T
30%
Triton
30%
Esper
25%
Ice Charger
25%
Marauder
25%
Masamune
25%
Maverick
25%
Proteus
25%
Vulcan
25%
'70 Dodge Charger R/T
20%
Animus GP
20%
Armadillo
20%
Artemis
20%
Artemis G1
20%
Bone Shaker
20%
Cyclone
20%
Hogsticker
20%
Maverick GXT
20%
Twin Mill III
20%
Artemis GXT
15%
DeLorean Time Machine
15%
Imperator DT5
15%
Maverick G1
15%
Nimbus
15%
Diestro
10%
Fast 4WD
10%
Jäger 619 RS
10%
MR11
10%
Jurassic Jeep® Wrangler
5%
Luigi NSR
5%
Mario NSR
5%
McLaren 570S
5%
Samus' Gunship
5%
Gazella GT™
0%
No matching quizzes found
Score Distribution
Percent of People with Each Score
Percentile by Number Answered
Your Score History
You have not taken this quiz